POCKET CRIMINAL CODE 2000 (Record no. 28552)

MARC details
000 -LEADER
fixed length control field 00276nam a22001337a 4500
003 - CONTROL NUMBER IDENTIFIER
control field SGT
020 ## - INTERNATIONAL STANDARD BOOK NUMBER
International Standard Book Number 9780459270315
082 ## - DEWEY DECIMAL CLASSIFICATION NUMBER
Classification number 345.7
100 ## - MAIN ENTRY--PERSONAL NAME
Personal name CARSWELL
245 ## - TITLE STATEMENT
Title POCKET CRIMINAL CODE 2000
260 ## - PUBLICATION, DISTRIBUTION, ETC. (IMPRINT)
Place of publication, distribution, etc CANADA
Name of publisher, distributor, etc CARSWELL
Year of Publication 2000
300 ## - PAGE DESCRIPTION
No. of Pages 1111
942 ## - ADDED ENTRY ELEMENTS (KOHA)
Source of classification or shelving scheme Dewey Decimal Classification
Koha item type Books
Holdings
Withdrawn status Lost status Source of classification or shelving scheme Damaged status Not for loan Collection code Home library Current library Shelving location Date acquired SGTU Total Checkouts Full call number Accession No. (Barcode) Date last seen Bill Date Koha item type
    Dewey Decimal Classification   Not For Loan LAW SGT Science & Social Sciences Library SGT Science & Social Sciences Library Reference Book 30/12/2024 SGTU   345.7 FL3791 30/12/2024 30/12/2024 Books